Wie groß sind die einwohnerstärksten Länder? - Statistiken

Allgemein
  • Dieses Quiz wurde 14 mal gespielt
  • Das Durchschnittsergebnis liegt bei 9 aus 20
Antwortstatistiken
Hint Antwort % Korrekt
Russland 17.098.242
77%
Indien 3.287.263
77%
Brasilien 8.515.770
77%
Vereinigte Staaten 9.833.517
77%
Deutschland 357.022
69%
Äthiopien 1.104.300
54%
Bangladesch 148.460
46%
China 9.596.960
46%
Ägypten 1.001.450
38%
Indonesien 1.904.569
38%
D.R. Kongo 2.344.858
38%
Türkei 783.562
38%
Iran 1.648.195
31%
Mexiko 1.964.375
31%
Japan 377.975
31%
Thailand 513.120
31%
Pakistan 796.095
31%
Nigeria 923.768
31%
Philippinen 300.000
23%
Vietnam 331.210
15%
Keine übereinstimmenden Quizze gefunden
Verteilung der Resultate
Anzahl Personen mit jedem Resultat
Perzentil nach korrekt beantworteten Fragen
Ihre Resultats-Entwicklung
Sie haben dieses Quiz noch nicht gespielt